| 000 | 00849pam a2200289 a 4500 | ||
|---|---|---|---|
| 999 |
_c1933 _d1933 |
||
| 001 | 1933 | ||
| 003 | BD-JhCC | ||
| 005 | 20171026172826.0 | ||
| 008 | 871130s1989 coua b 000 0 eng | ||
| 020 | _a0813374782 | ||
| 035 | _a(BD-JhCC)1933 | ||
| 040 |
_aDLC _cDLC _dDLC |
||
| 041 | _aeng | ||
| 050 | 0 | 0 |
_aCC79.5.P6 _bP68 1989 |
| 082 | 0 | 0 |
_a730.1/028/5 _219 _bBRO 1989 |
| 100 | _aBronitsky, Gordon | ||
| 245 | 0 | 0 |
_aPottery technology : _bideas and approaches / _cedited by Gordon Bronitsky. |
| 260 |
_aBoulder : _bWestview Press, _c1989. |
||
| 300 |
_avii, 220 p. : _bill. ; _c23 cm. |
||
| 440 | 0 | _aWestview special studies in archaeological research | |
| 504 | _aIncludes bibliographical references. | ||
| 650 | 0 | _aPottery. | |
| 650 | 0 |
_aArchaeology _xMethodology. |
|
| 700 | 1 | _aBronitsky, Gordon. | |
| 942 |
_2ddc _cBK |
||